| 000 | 01151nam a22003255a 4500 | ||
|---|---|---|---|
| 005 | 20161117134013.0 | ||
| 008 | 161110t2016 maua frbd 001 0 eng d | ||
| 020 | _a9780128032848 | ||
| 040 |
_aEG-ScBUE _beng _cEG-ScBUE _dEG-ScBUE |
||
| 082 | 0 | 4 |
_a005.12 _bERD _222 |
| 100 | 1 | _aErder, Murat. | |
| 245 | 1 | 0 |
_aContinuous architecture : _bsustainable architecture in an agile and cloud-centric world / _cMurat Erder, Pierre Pureur. |
| 260 |
_aWaltham : _bMorgan Kaufmann / ElSevier, _cc.2016. |
||
| 300 |
_axix, 303 p. : _bill. ; _c24 cm. |
||
| 500 | _aIndex : p. 299-303. | ||
| 500 | _aGlossary : p. 295-279. | ||
| 504 | _aIncludes bibliographical references. | ||
| 590 | _aSuzan Ashmawy | ||
| 650 | 7 |
_aSoftware architecture. _2BUEsh |
|
| 650 | 7 |
_aAgile software development. _2BUEsh |
|
| 650 | 7 |
_aCloud computing. _2BUEsh _937309 |
|
| 650 | 7 |
_aComputer architecture. _2BUEsh |
|
| 650 | 7 |
_aComputer software. _xDevelopment. _2BUEsh |
|
| 650 | 7 |
_aSustainable architecture. _2BUEsh |
|
| 650 | 7 |
_aArchitecture. _xData processing. _2BUEsh |
|
| 651 | _2BUEsh | ||
| 653 |
_bCOMSCI _cNovember2016 |
||
| 700 | 1 | _aPureur, Pierre. | |
| 942 | _2ddc | ||
| 999 |
_c23081 _d23053 |
||